Nigerian theatre journal (Record no. 38571)

MARC details
000 -LEADER
fixed length control field 00478nam a2200169Ia 4500
022 ## - INTERNATIONAL STANDARD SERIAL NUMBER
ISSN 01899562
050 ## - CALL MARK
Classification number PN 3171 .N54/
245 #0 - TITLE STATEMENT
Title Nigerian theatre journal
260 ## - PUBLICATION, DISTRIBUTION, ETC. (IMPRINT)
Place of publication Owerri, Imo State.
260 ## - PUBLICATION, DISTRIBUTION, ETC. (IMPRINT)
Name of publisher Society of Nigerian Theatre Artists
260 ## - PUBLICATION, DISTRIBUTION, ETC. (IMPRINT)
Year of publication 2014
300 ## - PHYSICAL DESCRIPTION
Number of Pages 158 p. ; 25 cm.
650 ## - SUBJECT ADDED ENTRY--TOPICAL TERM
Topical Term Theater--Nigeria--Periodicals. Nigeria. Theater--Periodicals. Theater
942 ## - ADDED ENTRY ELEMENTS (KOHA)
Koha item type Serials

No items available.